|
|
|
|
| LEADER |
01181nam a2200349 a 4500 |
| 001 |
000007844 |
| 003 |
CZ BrMZK |
| 005 |
20250731132252.0 |
| 007 |
ta |
| 008 |
941122s1994 xr g j cze d |
| 020 |
|
|
|a 80-237-1588-7
|c 11.90
|
| 040 |
|
|
|a BOA001
|b cze
|
| 041 |
1 |
|
|a cze
|h ger
|
| 072 |
|
7 |
|a 821-31/-34
|x Milostná, dobrodružná, fantastická próza
|2 Konspekt
|9 25
|
| 080 |
|
|
|a 821-322.5
|2 MRF
|
| 080 |
|
|
|a (0:82-322.5)
|2 MRF
|
| 100 |
1 |
|
|a Busch, Renate
|7 jx20050503017
|4 aut
|
| 245 |
1 |
0 |
|a Odloučení /
|c Renate Buschová ; Z něm. orig. přel. Pavel Kryštof
|
| 250 |
|
|
|a 1. vyd.
|
| 260 |
|
|
|a Praha :
|b I. Železný,
|c 1994
|
| 300 |
|
|
|a 58 s.
|
| 490 |
1 |
|
|a Knihovnička Večerů pod lampou ;
|v 1355
|
| 490 |
1 |
|
|a Na výsluní ;
|v 124 (46/94)
|
| 655 |
|
7 |
|a milostné povídky
|7 fd132834
|2 czenas
|
| 655 |
|
9 |
|a love short stories
|2 eczenas
|
| 700 |
1 |
|
|a Kryštof, Pavel
|7 jx20040720094
|4 trl
|
| 765 |
0 |
|
|t <<Ein >>Schloss wird ihre Heimat
|
| 830 |
|
0 |
|a Knihovnička Večerů pod lampou
|
| 830 |
|
0 |
|a Na výsluní
|
| 910 |
|
|
|a BOA001
|b 1-1003.857
|
| 990 |
|
|
|a BK
|
| 996 |
6 |
|
|b 2610014631
|c 1-1003.857
|l MZK
|r Sklad / do 1 hodiny
|n 0
|p p.v.
|w 000007844
|u 000010
|a 1
|e BOA001
|j MZK50
|s P
|